| 000 | 00533nam a2200145Ia 4500 | ||
|---|---|---|---|
| 008 | 170221s9999 xx 000 0 und d | ||
| 100 | _aAsad Rehman | ||
| 245 | _aInfluence of Income and Occupation on Consumers’ Susceptibility to Reference Group demands on Brand Choice Decisions | ||
| 245 | _cAsad Rehman, Syed Ahsan Jamil | ||
| 260 | _bInternational Review of Management and Marketing | ||
| 260 | _cAugust 2014 | ||
| 300 | _a3:3 | ||
| 650 | _xMarketing. | ||
| 856 | _uhttp://www.econjournals.com/index.php/irmm/issue/view/52 | ||
| 999 |
_c310201 _d310201 |
||